LEADER 03492 am 2200913 n 450 001 9910629398603321 005 20221101 010 $a979-1-280-13689-3 024 7 $a10.4000/books.aaccademia.11418 035 $a(CKB)5590000001000971 035 $a(FrMaCLE)OB-aaccademia-11418 035 $a(oapen)https://directory.doabooks.org/handle/20.500.12854/95006 035 $a(EXLCZ)995590000001000971 100 $a20221118j|||||||| ||| 0 101 0 $aita 135 $auu||||||m|||| 181 $ctxt$2rdacontent 182 $cc$2rdamedia 183 $acr$2rdacarrier 200 13$aIl 1956 $eUn bilancio storico e storiografico /$fFrancesca Chiarotto, Alexander Höbel 210 $aTorino $cAccademia University Press$d2022 215 $a1 online resource (320 p.) 225 1 $aBHM. La Biblioteca di «Historia Magistra» 311 $a979-1-280-13687-9 330 $aIn quale misura gli eventi del 1956 hanno costituito una cesura nella storia del XX secolo? Il volume si propone di riflettere ? anche criticamente ? sull?idea del 1956 come ?anno spartiacque?, tenendo assieme ricostruzione storica e dibattito storiografico, e ponendo al centro il nesso tra le vicende nazionali e gli avvenimenti di portata internazionale che in quell?anno si sono susseguiti, dalle crisi interne al blocco sovietico allo scacco subìto in Egitto dal colonialismo anglo-francese. Dal XX Congresso del Pcus ai ?fatti d?Ungheria?, dal ?56 polacco alla crisi di Suez, sono ripercorse ? con particolare attenzione alle culture politiche ? le conseguenze italiane ed europee di eventi e processi di portata globale. 606 $aLiterature (General) 606 $a1956 606 $ablocco sovietico 606 $acolonialismo anglo-francese 606 $aEuropa 606 $acrisi di Suez 606 $abloc soviétique 606 $acolonialisme anglo-français 606 $aEurope 606 $acrise de Suez 606 $aSoviet bloc 606 $aAnglo-French colonialism 606 $aSuez crisis 610 $a1956 610 $aSoviet bloc 610 $aAnglo-French colonialism 610 $aEurope 610 $aSuez crisis 615 4$aLiterature (General) 615 4$a1956 615 4$ablocco sovietico 615 4$acolonialismo anglo-francese 615 4$aEuropa 615 4$acrisi di Suez 615 4$abloc soviétique 615 4$acolonialisme anglo-français 615 4$aEurope 615 4$acrise de Suez 615 4$aSoviet bloc 615 4$aAnglo-French colonialism 615 4$aSuez crisis 700 $aAdamo$b Pietro$0171482 701 $aAgosti$b Aldo$0133303 701 $aBravo$b Gian Mario$0125089 701 $aCampanini$b Massimo$0275801 701 $aChiarotto$b Francesca$0329754 701 $aCongiu$b Massimo$0497347 701 $aDi Maggio$b Marco$01288705 701 $ad?Orsi$b Angelo$065485 701 $aFerretti$b Maria$0347356 701 $aHöbel$b Alexander$0596520 701 $aLoreto$b Fabrizio$0719778 701 $aMariuzzo$b Andrea$0323926 701 $aNencioni$b Tommaso$0619663 701 $aNovelli$b Cecilia$01348568 701 $aPanizza$b Cesare$0747309 701 $aStasi$b Daniele$0474422 701 $aChiarotto$b Francesca$0329754 701 $aHöbel$b Alexander$0596520 801 0$bFR-FrMaCLE 906 $aBOOK 912 $a9910629398603321 996 $aIl 1956$93086101 997 $aUNINA LEADER 02792nam 2200661 450 001 9910795893003321 005 20230624191505.0 010 $a9781503631311$b(electronic bk.) 010 $z9781503613447 024 7 $a10.1515/9781503631311 035 $a(MiAaPQ)EBC6956883 035 $a(Au-PeEL)EBL6956883 035 $a(CKB)21560803300041 035 $a(OCoLC)1312172331 035 $a(DE-B1597)627934 035 $a(DE-B1597)9781503631311 035 $a(OCoLC)1333972864 035 $a(EXLCZ)9921560803300041 100 $a20230624d2022 uy 0 101 0 $aeng 135 $aurcnu|||||||| 181 $ctxt$2rdacontent 182 $cc$2rdamedia 183 $acr$2rdacarrier 200 10$aTranslating food sovereignty $ecultivating justice in an age of transnational governance /$fMatthew C. Canfield 210 1$aStanford, California :$cStanford University Press,$d[2022] 210 4$d©2022 215 $a1 online resource (282 pages) 311 08$aPrint version: Canfield, Matthew C. Translating Food Sovereignty Redwood City : Stanford University Press,c2022 9781503613447 320 $aIncludes bibliographical references and index. 327 $aCover -- Title Page -- Copyright -- Contents -- Acknowledgments -- Introduction: The Law and Politics of Food Sovereignty -- 1. Translocal Translation and the Practice of Networks -- 2. Constructing and Contesting "Local" Food Governance -- 3. Revaluing Agricultural Labor -- 4. Protecting People's Knowledge -- 5. Democratizing Global Food Governance -- Conclusions Cultivating Justice in an Age of Transnational Governance -- Notes -- References -- Index -- Back Cover. 330 $aAn ethnographic analysis of the social movement challenging industrial food systems and re-imagining social justice within a shifting global legal landscape. 606 $aFood sovereignty$zNorthwest, Pacific 606 $aFood supply$xPolitical aspects$zNorthwest, Pacific 606 $aSocial movements$zNorthwest, Pacific 606 $aTransnationalism$xPolitical aspects 610 $aethnography. 610 $afood systems. 610 $aglobal governance. 610 $ahuman rights. 610 $alaw and society. 610 $alegal mobilization. 610 $anetworks. 610 $aright to food. 610 $atranslation. 610 $atransnational social movements. 615 0$aFood sovereignty 615 0$aFood supply$xPolitical aspects 615 0$aSocial movements 615 0$aTransnationalism$xPolitical aspects. 676 $a338.1909795 700 $aCanfield$b Matthew C.$01542773 801 0$bMiAaPQ 801 1$bMiAaPQ 801 2$bMiAaPQ 912 $a9910795893003321 996 $aTranslating food sovereignty$93795809 997 $aUNINA LEADER 01370nam 2200445 450 001 9910795306003321 005 20200520144314.0 010 $a80-246-3191-1 035 $a(CKB)4340000000210117 035 $a(MiAaPQ)EBC5110755 035 $a(Au-PeEL)EBL5110755 035 $a(CaPaEBR)ebr11460370 035 $a(OCoLC)1009312813 035 $a(PPN)231676603 035 $a(EXLCZ)994340000000210117 100 $a20171124h20172017 uy 0 101 0 $aeng 135 $aurcnu|||||||| 181 $2rdacontent 182 $2rdamedia 183 $2rdacarrier 200 10$aInstability in the Middle East $estructural changes and uneven modernisation, 1950-2015 /$fKarel Cerny 210 1$a[Place of publication not identified] :$cCharles University,$d2017. 210 4$d©2017 215 $a1 online resource (476 pages) $cillustrations, tables, graphs 311 $a80-246-3427-9 320 $aIncludes bibliographical references and index. 606 $aSocial change$zMiddle East 606 $aPolitical stability$zMiddle East 615 0$aSocial change 615 0$aPolitical stability 676 $a303.40956 700 $aCerny$b Karel$01480783 801 0$bMiAaPQ 801 1$bMiAaPQ 801 2$bMiAaPQ 906 $aBOOK 912 $a9910795306003321 996 $aInstability in the Middle East$93822396 997 $aUNINA